Airlines in Europe - Statistics

General Stats
  • This quiz has been taken 69 times
    43 since last reset
  • The average score is 37 of 72
Answer Stats
Answer % Correct
Air France
97%
Lufthansa
94%
Austrian Airlines
91%
British Airways
91%
KLM
91%
Ryanair
91%
Aer Lingus
88%
Iberia
88%
SAS
88%
ITA Airways
84%
Swiss
84%
TAP Portugal
84%
Turkish Airlines
84%
Finnair
81%
LOT Polish Airlines
81%
Air Baltic
78%
Brussels Airlines
78%
easyJet
78%
Eurowings
78%
Aegean Airlines
75%
Wizz Air
75%
Iceland Air
72%
Norwegian Air
69%
Aeroflot
66%
Croatia Airlines
66%
Air Serbia
63%
Condor
63%
Pegasus Airlines
63%
Jet2
59%
Virgin Atlantic
59%
Bulgaria Air
56%
Luxair
56%
Air Europa
53%
SunExpress
53%
Transavia
53%
TUI Fly
53%
Air Malta
50%
Vueling
50%
TAROM
47%
Air Dolomiti
44%
Belavia
44%
SkyUp Airlines
44%
Volotea
41%
Wideroe
41%
Corendon Airlines
38%
AeroItalia
34%
Binter Canarias
34%
Edelweiss Air
34%
Loganair
34%
Air Montenegro
31%
Ajet
31%
Smartwings Airlines
31%
Azores Airlines
28%
Discover Airlines
28%
Helvetic Airways
25%
SkyExpress
25%
Air Corsica
22%
Atlantic Airways
22%
Cyprus Airways
22%
FlyOne
19%
Neos
19%
Norse Atlantic Airways
19%
SkyAlps
19%
Ukraine International
19%
Aurigny Air
16%
Hi Sky Airlines
16%
Chair Airlines
13%
People's
13%
Animawings
9%
La Compagnie
9%
Windrose Airlines
6%
Universal Air
0%
No matching quizzes found
Score Distribution
Percent of People with Each Score
Percentile by Number Answered
Your Score History
You have not taken this quiz since the last reset